Models for forecasting disease development and severity of rubber powdery mildew(Oidium heveae steinm) (Record no. 63070)

MARC details
000 -LEADER
fixed length control field 01235nam a2200193Ia 4500
100 ## - MAIN ENTRY--AUTHOR NAME
Personal name Zhoutong Yu
245 #0 - TITLE STATEMENT
Title Models for forecasting disease development and severity of rubber powdery mildew(Oidium heveae steinm)
260 ## - PUBLICATION, DISTRIBUTION, ETC. (IMPRINT)
Name of publisher Proceedings of IRRDB Symposium 1999, Hainan, Peoples Republic of China. pp.281-287.
520 ## - SUMMARY, ETC.
Summary, etc The disease progress rate is affected by inoculum level at rubber wintering, refoliation speed, temperature, relative humidity during 5;budbrust to 20;refoliation, forecasting models were developed based on these factors, the results of validation in different rubber growing areas on Human Island showed that the forecasting values of the models were rather identical with actual values, and the correlation coefficients were 0.8872-0.9732. The models were used to guide chemical control, the control efficiency was 9.1;higher than normal dusting schedule, 17.6 cost was reduced, and increased 11.4;benefit.
650 ## - SUBJECT ADDED ENTRY--TOPICAL TERM
Topical Term Forecasting disease progress
650 ## - SUBJECT ADDED ENTRY--TOPICAL TERM
Topical Term Oidium heveae steinm
650 ## - SUBJECT ADDED ENTRY--TOPICAL TERM
Topical Term Rubber powdery mildew
700 ## - ADDED ENTRY--PERSONAL NAME
Personal name Qianchum Xiao
700 ## - ADDED ENTRY--PERSONAL NAME
Personal name Shuming Wu
700 ## - ADDED ENTRY--PERSONAL NAME
Personal name Wuren Huang
700 ## - ADDED ENTRY--PERSONAL NAME
Personal name Yongqiang Chen
942 ## - ADDED ENTRY ELEMENTS (KOHA)
Koha item type Journals
Holdings
Withdrawn status Lost status Damaged status Not for loan Home library Current library Shelving location Date acquired Koha item type
      Journals RRII Library RRII Library Pathology 17/12/2021 Journals